| 000 | 00457nam a2200157 i 4500 | ||
|---|---|---|---|
| 001 | 45891 | ||
| 003 | ES-MaACL | ||
| 005 | 20230906161308.0 | ||
| 007 | t| | ||
| 008 | 030327s1927 sp ||||1| spa d | ||
| 100 | 1 |
_aColchero Arrubarrena, Fernando. _939556 |
|
| 245 | 1 | 0 |
_aChecoslovaquía _b: (estudio geográfico) / _cVirgilio Colchero Arrubarrena. |
| 260 |
_aZaragoza : _bLa Academia, _c1927. |
||
| 300 |
_a28 p. ; _c21 cm. |
||
| 852 |
_aES-MaACL _j1737-F-4 |
||
| 999 |
_c45891 _d45891 |
||